000 00342 a2200133 4500
005 20250425104804.0
020 _a978-1-47211-317-7
082 _a813.6 McG
100 _aMcGUIRE, S.
245 _aMidnight Blue-Light Special: A Incryptid Novel
260 _aLondon,
_bCorsair,
_c2013.
300 _a328p., ill.,
_c20cm.
942 _2ddc
_cBKS
999 _c1650
_d1650